[Event "Lipetsk Region-ch Seniors"]
[Site "Lipetsk"]
[Date "2010.03.07"]
[Round "3"]
[White "Degtiarev, Mikhail"]
[Black "Shishkin, Lev"]
[Result "0-1"]
[WhiteElo "1733"]
[BlackElo "2070"]
[PlyCount "78"]
[EventDate "2010.03.05"]
[EventType "swiss"]
[EventRounds "9"]
[EventCountry "RUS"]
[SourceTitle "EXT 2023"]
[Source "ChessBase"]
[SourceDate "2022.10.05"]
[SourceVersion "1"]
[SourceVersionDate "2022.10.05"]
[SourceQuality "1"]

1. e4 c5 2. Nc3 Nc6 3. Nf3 d6 4. Bc4 e6 5. d3 Nf6 6. a3 Be7 7. h3 0-0 8. 0-0 Re8 9. Ne2 a6 10. Ng3 d5 11. exd5 exd5 12. Bb3 b5 13. c3 Bd6 14. Bg5 Be6 15. Nh5 Be7 16. Nxf6+ Bxf6 17. Bxf6 Qxf6 18. Qd2 h6 19. d4 c4 20. Bc2 Bxh3 21. Ne5 Bc8 22. f4 Ne7 23. Rae1 Bf5 24. Bxf5 Nxf5 25. g4 Ng3 26. Qg2 Nxf1 27. Rxf1 Qd6 28. g5 hxg5 29. fxg5 Rxe5 30. dxe5 Qxe5 31. Qg4 Re8 32. Rf5 Qe1+ 33. Rf1 Qe3+ 34. Rf2 Re6 35. Qf5 Qg3+ 36. Kf1 Qd3+ 37. Qxd3 cxd3 38. Rd2 Rg6 39. Rxd3 Rxg5 0-1

[Event "Lipetsk Region-ch sf"]
[Site "Lipetsk"]
[Date "2009.10.09"]
[Round "7"]
[White "Shishkin, Lev"]
[Black "Geranichev, Mikhail"]
[Result "1-0"]
[WhiteElo "2069"]
[BlackElo "1985"]
[PlyCount "67"]
[EventDate "2009.09.25"]
[EventType "swiss"]
[EventRounds "8"]
[EventCountry "RUS"]
[SourceTitle "EXT 2022"]
[Source "ChessBase"]
[SourceDate "2021.10.06"]
[SourceVersion "1"]
[SourceVersionDate "2021.10.06"]
[SourceQuality "1"]

1. d4 Nf6 2. c4 g6 3. Nc3 Bg7 4. e4 d6 5. Bd3 0-0 6. Nge2 c5 7. d5 Na6 8. 0-0 Nc7 9. a4 Na6 10. h3 Nb4 11. Bb1 Nd7 12. Be3 a6 13. Qd2 Rb8 14. f4 Nb6 15. b3 Nd7 16. Bd3 Re8 17. Rae1 Qc7 18. Bb1 Nf8 19. Ng3 Bd7 20. e5 a5 21. Nce4 b6 22. exd6 exd6 23. f5 Bxf5 24. Nxf5 gxf5 25. Rxf5 Ng6 26. Bg5 Re5 27. Rxe5 Bxe5 28. Nf6+ Kg7 29. Nh5+ Kg8 30. Rxe5 Nxe5 31. Bf6 Qc8 32. Qg5+ Ng6 33. Qh6 Qf8 34. Bg7 1-0

[Event "Lipetsk-ch"]
[Site "Lipetsk"]
[Date "2009.05.22"]
[Round "1"]
[White "Volobuev, Sergey"]
[Black "Shishkin, Lev"]
[Result "0-1"]
[WhiteElo "1823"]
[BlackElo "2059"]
[PlyCount "90"]
[EventDate "2009.05.22"]
[EventType "swiss"]
[EventRounds "9"]
[EventCountry "RUS"]
[SourceTitle "EXT 2022"]
[Source "ChessBase"]
[SourceDate "2021.10.06"]
[SourceVersion "1"]
[SourceVersionDate "2021.10.06"]
[SourceQuality "1"]

1. Nf3 c5 2. g3 Nc6 3. Bg2 g6 4. 0-0 Bg7 5. d3 d6 6. Nbd2 e5 7. e4 Nge7 8. a4 0-0 9. Nh4 Be6 10. f4 exf4 11. gxf4 Qd7 12. c3 f5 13. exf5 Nxf5 14. Nxf5 gxf5 15. Qh5 Rf6 16. Qf3 Rg6 17. Kh1 Bf6 18. Nc4 Kh8 19. Ne3 Rag8 20. Bd2 Qf7 21. Rg1 d5 22. Bh3 d4 23. Bxf5 Rxg1+ 24. Rxg1 dxe3 25. Rxg8+ Qxg8 26. Bxe6 Qxe6 27. Bxe3 b6 28. Kg2 Ne7 29. Bf2 Qd5 30. a5 Kg7 31. axb6 axb6 32. b4 cxb4 33. cxb4 b5 34. Bc5 Qxf3+ 35. Kxf3 Kf7 36. Ke4 Ke6 37. d4 Bh4 38. d5+ Kd7 39. f5 Bf6 40. h3 Nc8 41. Kf4 Nd6 42. Kg4 Ne4 43. Bf8 Nd6 44. Kh5 Nxf5 45. Bc5 Be7 0-1

[Event "Lipetsk Region-ch Seniors"]
[Site "Lipetsk"]
[Date "2009.03.18"]
[Round "6"]
[White "Shishkin, Lev"]
[Black "Kasantsev, Anatolij B"]
[Result "1/2-1/2"]
[WhiteElo "2059"]
[BlackElo "2105"]
[PlyCount "100"]
[EventDate "2009.03.08"]
[EventType "swiss"]
[EventRounds "9"]
[EventCountry "RUS"]
[SourceTitle "EXT 2022"]
[Source "ChessBase"]
[SourceDate "2021.10.06"]
[SourceVersion "1"]
[SourceVersionDate "2021.10.06"]
[SourceQuality "1"]

1. c4 Nf6 2. Nf3 c5 3. d4 cxd4 4. Nxd4 e6 5. Nc3 Bb4 6. Bd2 Nc6 7. a3 Be7 8. Nf3 d5 9. cxd5 Nxd5 10. e4 Nb6 11. Be3 0-0 12. Qc2 Bd7 13. Rd1 Qc8 14. Be2 Na5 15. Rc1 Nac4 16. Bd4 Qb8 17. Qb3 Rc8 18. 0-0 e5 19. Nd5 Nxd5 20. Bxc4 exd4 21. Bxd5 Rxc1 22. Rxc1 Qf4 23. Rd1 Bc5 24. Qxb7 Rd8 25. Qa6 Bg4 26. Qd3 Rc8 27. h3 Bxf3 28. Qxf3 Qxf3 29. gxf3 Bb6 30. Rd3 Kf8 31. f4 Rc1+ 32. Kg2 Rc2 33. b4 Rc3 34. Rxc3 dxc3 35. Bb3 Ke7 36. Kf3 f6 37. Ke2 a5 38. f3 axb4 39. axb4 Bc7 40. Kd3 Bxf4 41. Kxc3 Kd6 42. Ba4 h5 43. Kc4 g5 44. Be8 h4 45. Kb5 Kc7 46. Ka6 Be3 47. Kb5 Bd4 48. Kc4 Be3 49. Kd5 Kb6 50. Ke6 Bd4 1/2-1/2

[Event "Lipetsk Region-ch Seniors"]
[Site "Lipetsk"]
[Date "2009.03.09"]
[Round "2"]
[White "Sokolov, Yury"]
[Black "Shishkin, Lev"]
[Result "0-1"]
[WhiteElo "1987"]
[BlackElo "2059"]
[PlyCount "76"]
[EventDate "2009.03.08"]
[EventType "swiss"]
[EventRounds "9"]
[EventCountry "RUS"]
[SourceTitle "EXT 2022"]
[Source "ChessBase"]
[SourceDate "2021.10.06"]
[SourceVersion "1"]
[SourceVersionDate "2021.10.06"]
[SourceQuality "1"]

1. e4 c5 2. Nf3 d6 3. d4 cxd4 4. Nxd4 Nf6 5. Nc3 a6 6. Bc4 e6 7. Be3 Be7 8. 0-0 0-0 9. a4 Qc7 10. Bd3 Nc6 11. f4 Nxd4 12. Bxd4 e5 13. Be3 exf4 14. Rxf4 Be6 15. a5 Nd7 16. Nd5 Bxd5 17. exd5 Bg5 18. Bxh7+ Kxh7 19. Qh5+ Kg8 20. Qxg5 Qxc2 21. Rg4 Qh7 22. Bd4 f6 23. Qf4 Ne5 24. Rg3 Rac8 25. Rf1 Qh5 26. h3 Rc7 27. Qe4 Rc4 28. b3 Rb4 29. Rc1 Qf7 30. Kh2 f5 31. Qf4 Re8 32. Qd2 Rb5 33. Bb6 Rxd5 34. Qg5 f4 35. Rg4 Nf3+ 36. gxf3 Rxg5 37. Rxg5 Re2+ 38. Kh1 Qxb3 0-1

[Event "Lipetsk Region-ch Seniors"]
[Site "Lipetsk"]
[Date "2008.04.01"]
[Round "8"]
[White "Shishkin, Lev"]
[Black "Dulin, Anatoliy"]
[Result "1/2-1/2"]
[WhiteElo "2088"]
[BlackElo "2002"]
[PlyCount "62"]
[EventDate "2008.03.29"]
[EventType "swiss"]
[EventRounds "9"]
[EventCountry "RUS"]
[SourceTitle "EXT 2022"]
[Source "ChessBase"]
[SourceDate "2021.10.06"]
[SourceVersion "1"]
[SourceVersionDate "2021.10.06"]
[SourceQuality "1"]

1. e4 c6 2. d4 d5 3. Nc3 dxe4 4. Nxe4 Nd7 5. Bd3 e5 6. Qe2 Be7 7. Nf3 exd4 8. Nd6+ Kf8 9. Nxf7 Kxf7 10. Bc4+ Kf8 11. Nxd4 Nc5 12. Be3 Nf6 13. 0-0-0 Qc7 14. a3 Bg4 15. f3 Bh5 16. b4 Bf7 17. Bxf7 Kxf7 18. Qc4+ Nd5 19. bxc5 Rhe8 20. Nb3 Kg8 21. g3 Kh8 22. Bd4 Rad8 23. Rhe1 Bf6 24. Bxf6 Nxf6 25. Rxe8+ Rxe8 26. Qd4 h6 27. Qd3 Nd5 28. f4 Re3 29. Qd4 Qf7 30. Kb2 Qe6 31. Rd3 Re2 1/2-1/2

[Event "Lipetsk Rating 15th"]
[Site "Lipetsk"]
[Date "2008.03.17"]
[Round "7"]
[White "Volobuev, Sergey"]
[Black "Shishkin, Lev"]
[Result "1-0"]
[WhiteElo "1829"]
[BlackElo "2088"]
[PlyCount "61"]
[EventDate "2008.03.11"]
[EventType "tourn"]
[EventRounds "9"]
[EventCountry "RUS"]
[SourceTitle "EXT 2022"]
[Source "ChessBase"]
[SourceDate "2021.10.06"]
[SourceVersion "1"]
[SourceVersionDate "2021.10.06"]
[SourceQuality "1"]

1. Nf3 c5 2. g3 g6 3. Bg2 Bg7 4. 0-0 Nc6 5. c3 e5 6. e4 Nge7 7. d3 d6 8. Bg5 h6 9. Be3 0-0 10. Qc1 Kh7 11. Nh4 g5 12. Nf3 Ng6 13. Ne1 f5 14. exf5 Bxf5 15. Be4 Qd7 16. Ng2 Rae8 17. Nd2 b6 18. Qd1 d5 19. Bxf5 Qxf5 20. Qa4 Re6 21. f4 exf4 22. gxf4 g4 23. Qb5 d4 24. cxd4 Bxd4 25. Ne4 Rxe4 26. dxe4 Qxe4 27. Rae1 Nh4 28. Nxh4 Bxe3+ 29. Rxe3 Qxe3+ 30. Kh1 Qe4+ 31. Ng2 1-0

[Event "Lipetsk Rating 15th"]
[Site "Lipetsk"]
[Date "2008.03.12"]
[Round "2"]
[White "Venevtsev, Andrey"]
[Black "Shishkin, Lev"]
[Result "1-0"]
[WhiteElo "2178"]
[BlackElo "2088"]
[PlyCount "91"]
[EventDate "2008.03.11"]
[EventType "tourn"]
[EventRounds "9"]
[EventCountry "RUS"]
[SourceTitle "EXT 2022"]
[Source "ChessBase"]
[SourceDate "2021.10.06"]
[SourceVersion "1"]
[SourceVersionDate "2021.10.06"]
[SourceQuality "1"]

1. e4 c5 2. Nf3 d6 3. d4 cxd4 4. Nxd4 Nf6 5. Nc3 a6 6. Bg5 e6 7. f4 Be7 8. Qf3 Qc7 9. 0-0-0 Nbd7 10. Bd3 h6 11. Bh4 g5 12. e5 gxh4 13. exf6 Nxf6 14. f5 e5 15. Nb3 Bd7 16. Be4 Bc6 17. Nd5 Bxd5 18. Bxd5 Rc8 19. c3 Rb8 20. Rhe1 a5 21. Re2 0-0 22. Nd2 Nxd5 23. Qxd5 Bg5 24. Kb1 Bxd2 25. Qxd2 Kh7 26. Qxd6 Qxd6 27. Rxd6 Rbd8 28. Rb6 Rd7 29. Rxe5 Rd2 30. Re4 Rg8 31. Rxh4 Rgxg2 32. a4 Kg7 33. Rxb7 Rxh2 34. f6+ Kxf6 35. Rf4+ Kg5 36. Rfxf7 h5 37. Rb5+ Kg6 38. Ra7 Rd6 39. Raxa5 h4 40. Rh5 Kf7 41. Raf5+ Rf6 42. Rxf6+ Kxf6 43. a5 Kg6 44. Rh8 Kg5 45. a6 Re2 46. a7 1-0